Preguntas sobre la segunda guerra mundial - Estadísticas

Estadísticas generales
  • Esta prueba ha sido intentada 337 veces
  • La puntuación promedio es 9 de 15
Estadísticas de respuestas
Pista Respuesta % Correcto
¿En qué año accedió Hitler y el partido nacional-socialista al poder? 1933
96%
¿En que año se acabo la segunda guerra mundial? 1945
91%
¿Cuál fue el último país en rendirse concluyendo de este modo la Segunda Guerra Mundial? Japón
88%
¿En qué ciudad se lanzó primero la bomba atómica? Hiroshima
87%
¿Como se llamaba el dictador Italiano que dictó desde el 1922 hasta el 1943? Mussolini
83%
¿En que año se declaró la guerra entre Alemania y los Estados Unidos? 1941
81%
¿En que mes ocurrió el ataque a Pearl Harbor? Diciembre
77%
¿Cuál fue el país que sufrió un mayor número de bajas militares y civiles? Unión Sovietica
75%
¿Con qué nombre se llama también a la Alemania nazi, entre 1933 y 1945? Tercer Reich
58%
¿Con qué mujer se casó Hitler? Eva Braun
43%
Hitler sufrió muchos atentados (todos ellos fallidos). ¿Cuántos exactamente? 43
33%
¿Cómo se llamaba el avión que transportó la bomba atómica que se lanzó sobre Hiroshima? Enola Gay
33%
¿Con qué nombre fue conocido el pacto de no agresión entre alemanes y soviéticos? Pacto Ribbentrop - Mólotov
29%
Antes de la ocupación japonesa de 1942, ¿cuál potencia europea poseía la colonia de Birmania? Gran Bretaña
17%
¿Cómo se llamó el pacto entre Alemania, Italia y Japón, firmado el 27 de septiembre de 1940, para consolidar la coalición del Eje? Pacto Tripartito.
14%
No se encontraron pruebas coincidentes
Distribución de puntuación
Porcentaje de gente con cada puntuación
Porcentaje por número respondido
Historial de tus puntuaciones
No has intentado esta prueba.